Thủy lực chặn dòng sông

Salvato in:
Dettagli Bibliografici
Autore principale: S V Izbas
Natura: Libro
Lingua:Undetermined
Pubblicazione: Hà Nội KHKT 1974
Soggetti:
Tags: Aggiungi Tag
Nessun Tag, puoi essere il primo ad aggiungerne! !
Thư viện lưu trữ: Trung tâm Học liệu Trường Đại học Cần Thơ
LEADER 00502nam a2200181Ia 4500
001 CTU_17748
008 210402s9999 xx 000 0 und d
082 |a 621.12 
082 |b I98 
100 |a S V Izbas 
245 0 |a Thủy lực chặn dòng sông 
245 0 |c S V Izbas, H Yu Haldré 
260 |a Hà Nội 
260 |b KHKT 
260 |c 1974 
650 |a fluid mechanics 
904 |i Nguyễn Quang Điền, 960601 
980 |a Trung tâm Học liệu Trường Đại học Cần Thơ